LIBRARY & INFORMATION CENTRE, KCAET, TAVANUR

ONLINE PUBLIC ACCESS CATALOGUE (OPAC)

Basic Horticulture & Fruit Production Technology (Record no. 17414)

MARC details
000 -LEADER
fixed length control field 00434nam a22001577a 4500
003 - CONTROL NUMBER IDENTIFIER
control field OSt
008 - FIXED-LENGTH DATA ELEMENTS--GENERAL INFORMATION
fixed length control field 210913b ||||| |||| 00| 0 eng d
020 ## - INTERNATIONAL STANDARD BOOK NUMBER
ISBN 9789389547948
082 ## - DEWEY DECIMAL CLASSIFICATION NUMBER
Classification number 635
Item number SIN/BA
100 ## - MAIN ENTRY--AUTHOR NAME
Personal name singh,Rajaneesh
100 ## - MAIN ENTRY--AUTHOR NAME
Personal name Singh,Bijendra kumar
245 ## - TITLE STATEMENT
Title Basic Horticulture & Fruit Production Technology
260 ## - PUBLICATION, DISTRIBUTION, ETC. (IMPRINT)
Place of publication New Delhi
Name of publisher New India Pubishing Agency
Year of publication 2020
300 ## - PHYSICAL DESCRIPTION
Number of Pages 199 Pages
942 ## - ADDED ENTRY ELEMENTS (KOHA)
Koha item type Books
Holdings
Withdrawn status Lost status Damaged status Home library Current library Shelving location Date acquired Cost, normal purchase price Full call number Accession Number Koha item type
      KAUAET KAUAET NAHEP-CAAST Project 07/09/2021 195.00 635 SIN/BA 26003 Books
free website counter